000 01008cam a22003137a 4500
003 CHAP
005 20220329134039.0
008 971013s1979 r 00010 d
010 _a14613
011 _a15585
035 _a19661
040 _cCHAP
090 _aTesis
100 0 0 _aHernández Reyna, Agustín.
_954526
245 1 3 _aEl genero Baccgaris L. (Compositae) en el Valle de México
260 _aCuernavaca, Mor. :
_bEl Autor,
_c1979
300 _a64 h.
_b: ilus. ; mapas
502 _aTesis (Biólogo) -- Univ. Autónoma del Estado de Morelos. Esc. de Ciencias Biológicas
590 _aALEPH
_b10
_c20130110
_lUCH01
_h1236
590 _aBATCH-UPD
_b10
_c20130110
_lUCH01
_h2211
590 _aBATCH-UPD
_b10
_c20130410
_lUCH01
_h1514
590 _aBATCH-UPD
_b10
_c20130914
_lUCH01
_h0514
590 _aCONVERSION
_b10
_c20130109
_lUCH01
_h1309
650 1 4 _aBaccharis.
_99272
650 1 4 _aCompuestas
_926116
901 _aBK
942 _cTESIS
949 _bBC
_cTES
_d-45869
_eTS1
_h17455
_i19661
_si
999 _c14613
_d14613